Bratislavské rarity
Gespeichert in:
| 1. Verfasser: | |
|---|---|
| Format: | Buch |
| Veröffentlicht: |
Bratislava :
Albert Marenčin - Vydavateľstvo PT,
2006
|
| Schlagworte: | |
| Tags: |
Keine Tags, Fügen Sie das erste Tag hinzu!
|
MARC
| LEADER | 00000nam a22000003a 4500 | ||
|---|---|---|---|
| 001 | stu142454 | ||
| 005 | 20150617225928.6 | ||
| 008 | 070618s2006----------------------------d | ||
| 020 | |a 80-89218-19-9 | ||
| 040 | |a STU |b slo | ||
| 041 | 0 | ||
| 100 | 1 | |a Janota, Igor |4 aut | |
| 245 | 1 | |a Bratislavské rarity | |
| 260 | |a Bratislava : |b Albert Marenčin - Vydavateľstvo PT, |c 2006 | ||
| 300 | |a 155 s | ||
| 650 | 7 | |a história bratislavská |2 stusub | |
| 650 | 7 | |a Bratislava |2 stusub | |
| 996 | |b 284AU03542 |c A*5379 |l AA6160 |s P |a 0 |w stu142454_0001 | ||
| 996 | |b 284AU03530 |c A*5360 U |l AAKNAR |s A |a 24 |w stu142454_0002 | ||